000 01000nam a2200265Ia 4500
003 GCL
008 140319s9999 xx 000 0 ara d
040 _aGCL /
_cGCL
082 0 4 _a189.1
_bر ج
100 1 _aابن رشد الفيلسوف الجديد
245 1 0 _aجوامع الكون والفساد لابن رشد /
_cابن رشد الفيلسوف الجديد
700 1 _aسعيد زايد (محقق)
700 1 _aابن رشد : ابوالوليد محمد بن احمد بن محمد الاندلسى القرطبى
700 1 _aابوالوفا الغنيمى التفتازانى
700 1 _aابراهيم مدكور
260 _aالقاهرة :
_bالمجلس الاعلى للثقافة ،
_c1991
300 _a36 ص ؛
_c30 سم
490 _a
650 0 4 _aالفلسفة الاسلامية
650 0 4 _aالفلاسفة المسلمون
650 0 4 _aالفلاسفة
650 0 4 _aالكون
650 0 4 _aالفلاسفة العرب
942 _2ddc
_cBK
999 _c27564
_d27564